000
00248nam a22001097a 4500
020
_a
9788126530908
082
_a
620.3
_b
NAG/ME
100
_a
Nag, Debabrata
245
_a
Mechanical vibrations
260
_a
New Delhi
_b
Wiley India
_c
2011
942
_c
BK
999
_c
13916
_d
13916